000 00421nam a22001817a 4500
003 MPLRDC
005 20220104123524.0
008 210129b ||||| |||| 00| 0 eng d
082 _a225 SJC-2
100 _a释继程
245 _a悠然
_c
250 _a初版
260 _a
_b十方出版社
_c1991
300 _b
490 _a佛教文库
650 _a佛教佈教及信仰生活
942 _cBK
_o225 SJC-2
999 _c12091
_d12081